Responses for Show #4470 - Friday, January 30, 2004

(Sarah [accompanied by Jimmy]: Jaws clues coming up on Jeopardy! next... I hope!)

Contestants

[<< previous game]

Lisa Kaiser, a director of communications from Dublin, Ohio

Mike Janssen, a journalist from Arlington, Virginia

Jeff Kuhn, an attorney from Fairport, New York (whose 1-day cash winnings total $8,100)

[next game >>]

Jeopardy! Round responses

READ AMERICAN
JAWS
GOOD BEEKEEPING
BIBLICAL NAME'S THE SAME
CLUES PAST THEIR FRESHNESS DATE
FROM "A" TO "E"
(Alex: All the correct responses will begin with the letter A & end with the letter E.)
    $200 12
Stephen King

Jeff
    $200 6
Steven Spielberg

Jeff
    $200 11
(Jeff: What are bee stings?)

pollen allergies

Jeff
Triple Stumper
    $200 1
Luke

Jeff
    $200 17
Ronald Reagan

Lisa
    $200 22
an Aussie

Jeff
    $400 13
Mason & Dixon

Mike
    $400 7
John Williams

Jeff
    $400 27
lay an egg

Jeff
    $400 2
Matthew

Jeff
    $400 18
the Easter Egg Hunt

Lisa
    $400 23
ace

Jeff
    $600 14
(Herman) Wouk

Jeff
    $600 8
Roy Scheider

Jeff
    $600 28
beeswax

Lisa
    $600 3
Andrew

Lisa
    $600 19
(Jeff: What is Eastern Airlines?)
(Mike: What is TWA?)

Pan American

JeffMike
Triple Stumper
    $600 24
(Alex: With a minute to go.)

an adage

Mike
    $1,000 15
(Jeff: Who is Umberto Eco?)

Leon Uris

Jeff
    $800 9
(Jeff: Who is [*]?)
(Alex: Which one?)
(Jeff: Peter [*].)

(Peter) Benchley

Jeff
    $800 29
drone

Mike
    $800 4
Ruth

Jeff
    $800 20
Chock full o'Nuts

Triple Stumper
    $800 25
aerie

Mike
    $1000 16
Zenith

Triple Stumper
    $1000 10
a bigger boat

Lisa
    $1000 30
(Mike: What is the abdomen?)

the head

Mike
Triple Stumper
    $1000 5
Josiah

Triple Stumper
    $1000 21
Malibu

Mike
    $1000 26
ambience

Mike

Scores at the first commercial break (after clue 15):

Jeff Mike Lisa
$3,000 $400 $1,600

Scores at the end of the Jeopardy! Round:

Jeff Mike Lisa
$3,400 $3,000 $2,800

Double Jeopardy! Round responses

INDIAN GEOGRAPHY
CANADIAN SPORTSMEN
VENEZUELAN HISTORY
(Alex: Ah, I see a theme a-building!)
FRENCH FOOD
FAMOUS NIGERIANS
ONE "PLANET"
    $400 15
the Ganges

Jeff
    $400 13
the Masters

Jeff
    $400 23
(Christopher) Columbus

Jeff
    $400 1
a truffle

Lisa
    $400 11
Hakeem Olajuwon

Jeff
    $400 6
Animal Planet

Jeff
    $800 19
Pakistan

Mike
    $800 14
the 100-meter dash

Lisa
    $800 27
(Simon) Bolivar

Lisa
    $1,000 2
Hollandaise sauce

Lisa
    $800 12
Lagos

Jeff
    $800 7
(Jeff: What is "Return to the Planet of the Apes?")

Beneath the Planet of the Apes

Jeff
Triple Stumper
    $1200 20
New Delhi

Lisa
    $1200 16
Mario Lemieux

Jeff
    $1200 28
OPEC

Jeff
    $1200 3
pate de foie gras

Mike
    $1200 24
military generals

Triple Stumper
    $1200 8
Planet Hollywood

Jeff
    $1600 21
Mumbai (Bombay)

Mike
    $1600 17
Elvis Stojko

Jeff
    $300 29
(Alex: The highest waterfall in the world.)

Angel Falls

Jeff
    $1600 4
flambe

Mike
    $1600 25
(Mike: What is the Nobel Prize?)
(Alex: For?)
(Mike: Literature.)

the Nobel Prize for Literature

Mike
    $1600 9
the inner planets

Jeff
    $2000 22
Sri Lanka

Triple Stumper
    $2000 18
Eric Gagne (of the Los Angeles Dodgers)

Triple Stumper
    $2000 30
the Orinoco

Triple Stumper
    $2000 5
Nicoise

Lisa
    $2000 26
Biafra

Triple Stumper
    $2000 10
Lonely Planet

Mike

Scores at the end of the Double Jeopardy! Round:

Jeff Mike Lisa
$12,500 $11,800 $9,000

[wagering suggestions for these scores]

Final Jeopardy! Round responses

PRESIDENTIAL FAMILIES
LisaWho was Jefferson?
$8,000
MikeWho is Thomas Jefferson?
$11,700
JeffWho is Jefferson?
$11,101
Thomas Jefferson

Final scores:

Jeff Mike Lisa
$23,601 $23,500 $17,000
2-day champion: $31,701 2nd place: $2,000 3rd place: $1,000

Game dynamics:

Coryat scores:

Jeff Mike Lisa
$14,800 $11,800 $8,800
24 R
(including 1 DD),
4 W
(including 1 DD)
12 R,
2 W
11 R
(including 1 DD),
0 W

Combined Coryat: $35,400

[game clues] [game scores] [suggest correction]

Game tape date: 2003-11-20
The J! Archive is created by fans, for fans. Scraping, republication, monetization, and malicious use prohibited; this site may use cookies and collect identifying information. See terms. The Jeopardy! game show and all elements thereof, including but not limited to copyright and trademark thereto, are the property of Jeopardy Productions, Inc. and are protected under law. This website is not affiliated with, sponsored by, or operated by Jeopardy Productions, Inc. Join the discussion at JBoard.tv.